Ekologické je ekonomické

Aktívny prístup hotela k ochrane životného prostredia. Filozofia eko hotelov - poskytovať hosťom environmentálne zodpovedné ubytovanie s ohľadom na trvalo udržateľný cestovný ruch. Naturálny relax. Príklady eko hotelov vo svete. AquaCity Poprad. Eco friendly hotel Dália v Košiciach. Priekopník Mamai...

Description complète

Enregistré dans:
Détails bibliographiques
Auteur principal: Foxlerová, Nina
Autres auteurs: Kramárová, Zlatica
Format: Chapitre de livre
Langue:slovaque
Sujets:
Tags: Ajouter un tag
Pas de tags, Soyez le premier à ajouter un tag!

MARC

LEADER 00000naa a2200000 4500
001 0151088
005 20231011125724.9
041 0 |a slo 
044 |a SK 
245 1 0 |a Ekologické je ekonomické  |c Nina Foxlerová, Zlatica Kramárová 
520 |a Aktívny prístup hotela k ochrane životného prostredia. Filozofia eko hotelov - poskytovať hosťom environmentálne zodpovedné ubytovanie s ohľadom na trvalo udržateľný cestovný ruch. Naturálny relax. Príklady eko hotelov vo svete. AquaCity Poprad. Eco friendly hotel Dália v Košiciach. Priekopník Mamaison Residence v Bratislave. Príklady, ako sa hotel stará o životné prostredie. 
610 2 0 |a hotelierstvo 
610 2 0 |a hotely 
610 2 0 |a manažment environmentálny 
610 2 0 |a ekológia 
610 2 0 |a ochrana prostredia životného 
610 2 0 |a certifikáty 
610 2 0 |a značky environmentálne 
100 1 |a Foxlerová, Nina 
700 1 |a Kramárová, Zlatica